Statistics for Top 10 Chess Players In the World

Click here to take the quiz!

General Stats

  • This quiz has been taken 24 times
  • The average score is 5 of 10

Answer Stats

CountryAnswer% Correct
NorwayMagnus Øen Carlsen
96%
ChinaDing Liren
67%
United States of AmericaFabiano Luigi Caruana
63%
United States of AmericaWesley Barbossa So
58%
ArmeniaLevon Grigori Aronian
50%
RussiaIan Alexandrovich Nepomniachtchi
42%
RussiaAlexander Igorevich Grischuk
38%
FranceMaxime Vachier-Lagrave
38%
AzerbaijanTeimour Boris oghlu Radjabov
29%
AzerbaijanShahriyar Hamid oghlu Mammadyarov
8%

Score Distribution

Percentile by Number Answered

Percent of People with Each Score

Your Score History

You have not taken this quiz